000 00850nas a2200253 4500
001 BR0001295
003 BR-BrBNA
005 20231205101735.0
007 ta
008 230509b bl.|||p| |||| 00| 00por d
040 _aBR-BrBNA
_bpor
_cBiblioteca Nacional de Agricultura
041 _a(Pt)
072 _aQ05
100 1 _aPuga, D.M.U.
100 1 _aContreras, C.J.C.
100 1 _aTurnbull, M.R.
245 1 _aAvaliacao do amaciamento de carne bovina de dianteiro (Triceps brachii)pelos metodos de maturacao, estimulacao eletrica, injecao de acidos e tenderizacao mecanica
650 _aCarne
650 _aMaturacao
650 _aAcido Organico
773 0 _tCiencia e Tecnologia de Alimentos (Brazil)
_xISSN 0101-2061
_g(Jan-Apr 1999), v. 19(1) p. 88-96
_wBR0001295
909 _a202311
_bLúcia
_c55
_dLúcia Elande
942 _2AGRIS
_n0
_cANA
999 _c163593
_d163593